Statistics for California Cities A-Z

Click here to take the quiz!

General Stats

  • This quiz has been taken 5,133 times
  • The average score is 11 of 24

Answer Stats

Hint City % Correct
SCable carsSan Francisco
94%
ADisneylandAnaheim
90%
LCenter of the entertainment worldLos Angeles
90%
OWhere the Raiders playOakland
84%
NShares its name with a
famous wine valley
Napa
83%
BOriginal UC campusBerkeley
80%
PRose BowlPasadena
78%
FLargest city in the Central ValleyFresno
65%
MQuiet beach community home
to Mel Gibson
Malibu
65%
CNWA came straight outta hereCompton
64%
RBiggest in the Inland EmpireRiverside
37%
JShares its name with a nearby
National Park
Joshua Tree
36%
ESeat of Humboldt CountyEureka
35%
HBiggest city on the coast of the OCHuntington Beach
29%
ICoachella FestivalIndio
28%
GBorders Burbank and Griffith ParkGlendale
27%
TDesert city with over twenty
palm trees
Twentynine
Palms
26%
YWhere Nixon was bornYorba Linda
24%
DCity just south of SDaly City
23%
K"Royal" city on US-101
near Monterey
King City
16%
VSeat of Tulare CountyVisalia
16%
UCity just north of OntarioUpland
14%
WCity in the East BayWalnut Creek
13%
QNear Palmdale and LancasterQuartz Hill
7%

Score Distribution

Percentile by Number Answered

Percent of People with Each Score

Your Score History

You have not taken this quiz